| 000 | 00000nam 2200000za 4500 |
| 001 | 9.855827 |
| 003 | CaOODSP |
| 005 | 20221107155407 |
| 007 | cr ||||||||||| |
| 008 | 180426s1985 onc #os|||f|0| 0|eng d |
| 020 | |z0-660-52869-X |
| 040 | |aCaOODSP|beng |
| 041 | |aeng|afre |
| 043 | |an-cn--- |
| 086 | 1 |aCS65-503/1985-PDF |
| 245 | 00|aCanadian international trading patterns |h[electronic resource] = |bProfil du commerce international canadien. |
| 246 | 11|aProfil du commerce international canadien |
| 260 | |aOttawa : |bStatistics Canada, International Trade Division, |c1985. |
| 300 | |aii, 76 p. : |bcharts. |
| 500 | |aDigitized edition from print [produced by Statistics Canada]. |
| 520 | |a"The objective of this publication is to give a quick and accurate understanding of Canada's position in international trade through a graphic presentation"--Foreword. |
| 546 | |aText in English and in French. |
| 692 | 07|2gccst|aInternational trade |
| 710 | 1 |aCanada.|bStatistics Canada.|bInternational Trade Division. |
| 792 | |tCanadian international trading patterns |efre|w(CaOODSP)9.855835 |
| 856 | 40|qPDF|s15.24 MB|uhttps://publications.gc.ca/collections/collection_2018/statcan/CS65-503-1985.pdf |
| 986 | |a65-503 |